| 000 | 00824nam a2200253Ia 4500 | ||
|---|---|---|---|
| 003 | IN-BaIIA | ||
| 005 | 20230703113130.0 | ||
| 008 | 211028s9999 xx 000 0 eng d | ||
| 020 | _a3-540-15562-7 | ||
| 040 | _cIIA Library | ||
| 080 |
_a048:1:52/84-38 _bBOH |
||
| 100 |
_aBohme, S _99376 |
||
| 245 | 0 |
_aFamily medical care _bvol. 38, Literature 1984, pt. 2 _cS. Bohme...[et.al] |
|
| 260 |
_aBerlin _bSpringer-Verlag _c1985 |
||
| 300 | _ax, 919p. | ||
| 650 |
_aAbstracts-Astronomy and Astrophysics _96051 |
||
| 650 |
_aAstronomy and Astrophysics Abstracts _96052 |
||
| 650 | _aAstronomy and Astrophysics Thesaurus | ||
| 700 |
_aFricke, W. _99456 |
||
| 700 |
_aHefele, H. _99915 |
||
| 700 |
_aHeinrich, I. _99916 |
||
| 700 |
_aHofmann, W. _913111 |
||
| 942 |
_cBK _2ddc |
||
| 999 |
_c8374 _d8374 |
||